Click the Rolling Stones Song Title Ending - Statistics

General Stats
  • This quiz has been taken 318 times
  • The average score is 25 of 30
Answer Stats
Hint Answer % Correct
Paint It Black
100%
(I Can't Get No) Satisfaction
99%
It's Only Rock n' Roll
98%
You Can't Always Get What You Want
98%
Let's Spend The Night Together
96%
Route 66
95%
Sympathy For the Devil
95%
Time is On My Side
93%
Start Me Up
92%
Brown Sugar
90%
Under My Thumb
90%
Beast of Burden
87%
Wild Horses
86%
Play With Fire
85%
Jumping Jack Flash
84%
Lady Jane
84%
Gimmie Shelter
84%
Street Fighting Man
83%
Undercover Of The Night
81%
Honky Tonk Woman
81%
Ruby Tuesday
80%
Get Off Of My Cloud
76%
Tumbling Dice
74%
Can't You Hear Me Knocking
70%
Waiting On a Friend
69%
Rocks Off
69%
Fool To Cry
64%
Dead Flowers
62%
Emotional Rescue
59%
Miss You
58%
No matching quizzes found
Score Distribution
Percent of People with Each Score
Percentile by Number Answered
Your Score History
You have not taken this quiz